| 000 | 00553nam a2200181 a 4500 | ||
|---|---|---|---|
| 005 | 20210223125017.0 | ||
| 008 | 030618s1979 mx r 000 0 spa d | ||
| 035 | _aUPN01000125971 | ||
| 049 | _aCG | ||
| 050 | 4 |
_aHN120 A7 _bC3.2 |
|
| 100 | 1 | _aCastillo V., Gustavo del | |
| 245 | 1 | 0 |
_aCrisis y transformación de una sociedad tradicional / _cGustavo del Castillo V. |
| 260 |
_aMéxico : _bINAH, _c1979. |
||
| 300 | _a177 p. | ||
| 440 | 0 |
_aEdiciones de la Casa Chata ; _v10 |
|
| 651 | 4 |
_aARANDAS, JALISCO - _xCONDICIONES SOCIALES _920450 |
|
| 905 | _aLibro | ||
| 999 |
_c98150 _d98150 |
||